000 00333nam a22001457a 4500
020 _a81-89999-04-4
082 _a823
_bPAI/T
100 _aPAI, ANANT
245 _aTALES OF NARADA
260 _aMUMBAI
_bAMAR CHITHA KATHA
300 _a30
520 _aENGLISH SHORT STORIES
650 _aENGLISH SHORT STORIES
_zMUMBAI
942 _cBK
999 _c5226
_d5226